[Event "Dundee & Angus op Challengers"]
[Site "Dundee"]
[Date "2012.10.13"]
[Round "2"]
[White "MacGilchrist, Siegrun"]
[Black "Deary, David"]
[Result "0-1"]
[WhiteElo "1573"]
[BlackElo "1715"]
[PlyCount "106"]
[EventDate "2012.10.12"]
[EventType "swiss"]
[EventRounds "5"]
[EventCountry "SCO"]
[SourceTitle "EXT 2017"]
[Source "ChessBase"]
[SourceDate "2016.10.25"]
[SourceVersion "1"]
[SourceVersionDate "2016.10.25"]
[SourceQuality "1"]

1. c4 e5 2. Nc3 Nf6 3. g3 Nc6 4. Bg2 Bc5 5. e3 d6 6. d3 0-0 7. Nge2 a6 8. 0-0 Be6 9. e4 Nd7 10. Nd5 Ne7 11. Kh1 c6 12. Nxe7+ Qxe7 13. f4 f5 14. exf5 Rxf5 15. Nc3 exf4 16. Bxf4 Bd4 17. Be4 Rf7 18. Ne2 Ba7 19. Qc2 Nc5 20. Bg2 Bf5 21. Rad1 Re8 22. Nd4 Bg4 23. Bf3 Bh3 24. Bg2 Bxg2+ 25. Kxg2 Nd7 26. Rde1 Ne5 27. Nf3 Qd7 28. Bxe5 dxe5 29. Nxe5 Rxf1 30. Nxd7 Rfxe1 31. Qb3 R1e2+ 32. Kh3 Bg1 33. Kg4 Rxh2 34. c5+ Kh8 35. Qf7 Rhe2 36. Qf5 Rf2 37. Qh5 g6 38. Qh6 Rh2 39. Qc1 h5+ 40. Kf4 Be3+ 41. Qxe3 Rxe3 42. Kxe3 Rxb2 43. a4 Rb4 44. Nb6 Kg7 45. d4 Kf6 46. Ke4 Ke6 47. a5 g5 48. Ke3 Rb3+ 49. Ke4 Rxg3 50. d5+ cxd5+ 51. Kd4 Rg4+ 52. Kd3 h4 53. Ke3 Rf4 0-1

[Event "Prestwick Airport Major"]
[Site "Prestwick"]
[Date "2011.05.14"]
[Round "2"]
[White "Baird, Clive H"]
[Black "Deary, David"]
[Result "1/2-1/2"]
[WhiteElo "1704"]
[BlackElo "1530"]
[PlyCount "65"]
[EventDate "2011.05.13"]
[EventType "swiss"]
[EventRounds "5"]
[EventCountry "SCO"]
[SourceTitle "EXT 2023"]
[Source "ChessBase"]
[SourceDate "2022.10.05"]
[SourceVersion "1"]
[SourceVersionDate "2022.10.05"]
[SourceQuality "1"]

1. e4 e5 2. Nf3 Nc6 3. Bc4 Bc5 4. c3 Nf6 5. d3 d6 6. Bg5 Bg4 7. Nbd2 Qd7 8. h3 Be6 9. 0-0 h6 10. Bxe6 fxe6 11. Bh4 g5 12. Bg3 Qg7 13. d4 exd4 14. cxd4 Bxd4 15. Nxd4 Nxd4 16. Qa4+ Nc6 17. Qb3 Nd4 18. Qa4+ Nd7 19. Rfe1 e5 20. Rac1 Nc6 21. Nc4 Nc5 22. Qd1 0-0 23. Ne3 Ne7 24. f3 Qf6 25. Ng4 Qe6 26. Bf2 h5 27. Ne3 Qxa2 28. Nc4 Ne6 29. Re3 Qa6 30. Ra3 Qb5 31. Rb3 Qa6 32. Ra3 Qb5 33. Rb3 1/2-1/2